Buteurs Français en Finale de Ligue des Champions - Statistiques

Statistiques générales
  • Ce quiz a été pris 812 fois
    401 depuis la dernière actualisation
  • Le résultat moyen est 7 sur 11
Statistiques - réponses
Réponse % Correct
Désiré Doué
99%
Karim Benzema
97%
Kingsley Coman
95%
Zinedine Zidane
94%
Senny Mayulu
86%
Basile Boli
80%
Michel Platini
80%
Marcel Desailly
44%
Michel Hidalgo
4%
Jean Templin
1%
Michel Leblond
1%
Aucun quiz correspondant
Distribution des résultats
% des personnes avec chaque résultat
Percentile par nombre de réponses
Votre historique - résultats
Vous n’avez pas pris ce quiz depuis la dernière actualisation